000 00322nam a22001457a 4500
008 230324b ||||| |||| 00| 0 eng d
020 _a9781101985663
041 _aeng
080 _a159.9
082 _a159.9
100 _a25
101 _aPSI
245 _aGOOD REASONS FOR BAD FELLINGS
_cNESSE.M.R
942 _2udc
_cBK
999 _c59431
_d59431